<?xml version="1.0" encoding="UTF-8"?>
<marc:record xmlns:marc="http://www.loc.gov/MARC21/slim">
   <marc:leader>00000nam a2200000 a 4500</marc:leader>
   <marc:datafield ind1="1" ind2=" " tag="100">
      <marc:subfield code="a">Kasten, Mona</marc:subfield>
      <marc:subfield code="4">aut</marc:subfield>
      <marc:subfield code="e">Verfasser/-in</marc:subfield>
   </marc:datafield>
   <marc:datafield ind1="0" ind2="0" tag="245">
      <marc:subfield code="a">Save me</marc:subfield>
   </marc:datafield>
   <marc:datafield ind1="0" ind2="0" tag="245">
      <marc:subfield code="c">Mona Kasten</marc:subfield>
   </marc:datafield>
   <marc:datafield ind1=" " ind2="1" tag="264">
      <marc:subfield code="a">Köln</marc:subfield>
      <marc:subfield code="b">Lyx Egmont</marc:subfield>
      <marc:subfield code="c">2018</marc:subfield>
   </marc:datafield>
   <marc:datafield ind1="1" ind2=" " tag="490">
      <marc:subfield code="a">Maxton Hall Reihe</marc:subfield>
      <marc:subfield code="v">1</marc:subfield>
   </marc:datafield>
   <marc:datafield ind1="1" ind2=" " tag="520">
      <marc:subfield code="a">Geld, Glamour, Luxus, Macht - all das könnte Ruby Bell nicht weniger interessieren. Seit sie ein Stipendium für das renommierte Maxton Hall College erhalten hat, versucht sie in erster Linie eins: ihren Mitschülern so wenig wie möglich aufzufallen. Vor allem von James Beaufort, dem heimlichen Anführer des Colleges, hält sie sich fern. Er ist zu arrogant, zu reich, zu attraktiv. Während Rubys größter Traum ein Studium in Oxford ist, scheint er nur für die nächste Party zu leben. Doch dann findet Ruby etwas heraus, was sonst niemand weiß.</marc:subfield>
   </marc:datafield>
   <marc:datafield ind1=" " ind2=" " tag="020">
      <marc:subfield code="a">9783736305564</marc:subfield>
      <marc:subfield code="9">9783736305564</marc:subfield>
   </marc:datafield>
   <marc:datafield ind1=" " ind2=" " tag="020">
      <marc:subfield code="a">3736305567</marc:subfield>
      <marc:subfield code="9">3736305567</marc:subfield>
   </marc:datafield>
   <marc:datafield ind1=" " ind2=" " tag="300">
      <marc:subfield code="a">409 Seiten</marc:subfield>
   </marc:datafield>
</marc:record>
